| 000 | 00902nam a2200289Ia 4500 | ||
|---|---|---|---|
| 003 | OSt | ||
| 005 | 20221006153446.0 | ||
| 006 | a|||||r|||| 00| 0 | ||
| 007 | ta | ||
| 008 | 221006b |||||||| |||| 00| 0 chi d | ||
| 020 | _a10162224 (2006) | ||
| 024 | _a32,387 | ||
| 037 |
_bGift, Republic of China _cTextual |
||
| 040 |
_aEASL _cEASL _bchi |
||
| 041 |
_2chi _achi |
||
| 082 | _aX.4295sP6, P6 | ||
| 100 |
_aCOUNCIL FOR ECONOMIC PLANNING AND DEVELOPMENT Au. _9664067 |
||
| 245 | 0 | _aTaiwan statistical data book, 2006 | |
| 250 | _a1st ed. | ||
| 260 |
_aTaiwan _bCouncil for Economic Planning and Development China _c2006 |
||
| 300 |
_a360p. _ccm. |
||
| 490 | _v RR | ||
| 650 | _a CEL | ||
| 650 |
_aStatistical yearbook _9664068 |
||
| 942 |
_hX.4295sP6, P6 _cTEXL _2CC |
||
| 999 |
_c1100473 _d1100473 |
||